00617nam a2200193Ia 4500003000400000005001700004008004100021040001800062041000800080082002100088100002800109245007600137250001200213260003400225300002500259650004300284650004300327650005300370OSt20240506104912.0210716s1963 xx 000 0 und d cAIMIT LIBRARY aeng a374.22 21bLIPS aLipset, Seymour Martin. aPolitical man : bsocial bases of politics /cBy Seymour Martin Lipset. a1st ed. aNew York :c1963.bNew York , a477p. ;bPBc18.1 cm aThe conditions of the democratic order aPolitical behavior in American society aThe politics of private government: a case study